00511nam a2200193 a 4500001001300000003000900013005001700022008004100039020001100080082001300091100002100104245008100125260002800206300000900234500003500243505001000278650000800288700002100296nice12345678IN_TiNIC20260116012610.0050524s1969 lona grp 000 0 eng  ac93.800a231bJEN aJenkins, David E aLiving With Questionsb Investigations into the Theory and Practice of Belie aLondonbSCM Pressc1969 a242p aincludes index and biblioraphy2 aIndex aGod1 aJenkins, David E